Statistics for Groups: British Popular Music

Click here to take the quiz!

General Stats

  • This quiz has been taken 378 times
  • The average score is 12 of 36

Answer Stats

HintAnswer% Correct
Liam
94%
Gallagher brothers (members of Oasis).Noel
92%
21
82%
Members of Wham.George Michael
81%
Ages Which Adele Released an Album.19
77%
25
76%
Largest UK Festivals.Glastonbury
75%
Major bands fronted by Damon AlburnBlur
63%
Gibb brothers (members of the Bee Gees).Barry Gibb
56%
Reading/Leeds
53%
Skyfall (Adele)
52%
Gorillaz
49%
Paul Weller bands.The Jam
49%
Maurice Gibb
43%
Andrew Ridgeley
40%
Robin Gibb
40%
The Style Council
34%
AM
19%
A View to a Kill (Duran Duran)
18%
Biggest selling albums by British artists.Sgt Peppers Lonely Hearts Club Band (Beatles)
15%
T in the Park
14%
Writings on the Wall (Sam Smith)
12%
Humbug
11%
Suck It and See
11%
Arctic Monkeys studio albums.Whatever People Say I Am, That's What I'm Not
11%
Favourite Worst Nightmare
10%
Download
9%
V Festival
8%
The Living Daylights (A-Ha)
7%
Die Another Die (Madonna)
6%
The Good, The Bad and The Queen
5%
Goodbye Yellow Brick Road (Elton John)
3%
Greatest Hits (Queen)
2%
IV (Led Zeppelin)
2%
Bond theme songs to reach top 5 in UK charts.We Have all the Time in the World (Louis Armstrong)
1%
Rocket Juice and the Moon
0%

Score Distribution

Percentile by Number Answered

Percent of People with Each Score

Your Score History

You have not taken this quiz